000
00262nam a22000977a 4500
999
_c
11514
_d
11514
008
190531b ||||| |||| 00| 0 eng d
020
_a
9788183895231
100
_a
Jain Shivani
_9
7230
245
_a
Information Technology-X
260
_a
New Delhi
_b
Goyal Brothers
_c
2018